CORTIS all songs (May 2026 update) - Statistics

General Stats
  • This quiz has been taken 68 times
  • The average score is 10 of 12
Answer Stats
Hint Answer % Correct
COLOR OUTSIDE THE LINES GO!
98%
Lead single (GREENGREEN) REDRED
98%
COLOR OUTSIDE THE LINES FaSHioN
96%
COLOR OUTSIDE THE LINES JoyRide
92%
Lead single (COLOR OUTSIDE THE LINES) What You Want
88%
GREENGREEN ACAI
84%
GREENGREEN TNT
84%
GREENGREEN Blue Lips
80%
COLOR OUTSIDE THE LINES Lullaby
80%
GREENGREEN Wassup
75%
Other release Mention Me
73%
GREENGREEN YOUNG​CREATOR​CREW
65%
No matching quizzes found
Score Distribution
Percent of People with Each Score
Percentile by Number Answered
Your Score History
You have not taken this quiz